[Event "GibChess Battle of the Sexes 2022"]
[Site "Caleta"]
[Date "2022.01.24"]
[Round "1.1"]
[White "Mammadzada, Gunay"]
[Black "Aziz, Husain"]
[Result "1/2-1/2"]
[WhiteElo "2470"]
[BlackElo "2357"]
[Annotator "TA"]
[PlyCount "71"]
[EventDate "2022.01.01"]
[EventType "schev"]
[EventCountry "GGB"]
[SourceTitle "playchess.com"]
[Source "ChessBase"]
[SourceQuality "1"]

{[%evp 16,71,11,18,30,9,19,25,25,14,25,8,10,19,12,7,14,12,10,6,10,10,8,-16,-12,-11,0,-35,0,-13,0,0,0,0,0,-8,0,0,-6,-22,0,-29,-11,-31,-18,-20,0,-4,0,0,0,-8,-8,-16,-16,-37,-31,-86]} 1. e4 e5 2. Nf3 Nc6 3. Bb5 Nf6 4. O-O {[%cal Bh1f1,Bf1e1,Be1e5][%mdl 32]} Nxe4 5. Re1 Nd6 6. Nxe5 Be7 7. Bf1 Nxe5 8. Rxe5 O-O 9. d4 Bf6 {C67: Ruy Lopez: Berlin Defence: 4 0-0 Nxe4.} 10. Re2 Nc4 $1 {[%mdl 4] is now more promising than 10...b6.} 11. b3 Nb6 {[#] White has an edge.} 12. Qd3 $146 ({Predecessor:} 12. c4 d5 13. c5 Nd7 14. Bb2 Re8 15. Nc3 c6 16. Qd2 Rxe2 17. Nxe2 Nf8 18. Ng3 {½-½ (98) Vachier Lagrave,M (2761)-Antipov,M (2615) Warsaw 2021}) 12... d5 {[%cal Oc7c5]} 13. Bf4 Bg4 14. Re1 Qd7 15. Nc3 Bf5 16. Qd2 c6 17. a4 a5 18. Be5 Be7 19. Bd3 {[%cal Oe5g7]} Bb4 20. Re3 f6 21. Bg3 Rae8 22. Rae1 {[%cal Ba1e1,Be1e2,Be2e3][%mdl 32] [#] aiming for Bxf5.} Bg6 23. Bxg6 hxg6 24. Qd3 Kf7 25. R1e2 Rxe3 26. Rxe3 Nc8 {[%cal Bb6c8,Bc8e7,Be7f5,Bf5e3][%mdl 32]} 27. Ne2 Re8 28. Nf4 Ne7 29. Qe2 Nf5 30. Qg4 $1 Rxe3 {[%cal Re3e1] [#]} 31. Qxg6+ Kf8 {[%cal Re3e1]} 32. fxe3 Nxe3 33. Qd3 Nf5 34. c3 Bd6 35. Ng6+ Kf7 36. Bxd6 {Weighted Error Value: White=0.09 (flawless) /Black=0.06 (flawless)} (36. Nh4 $15 Nxh4 37. Bxh4) 1/2-1/2

[Event "GibChess Battle of the Sexes 2022"]
[Site "Caleta"]
[Date "2022.01.24"]
[Round "1.2"]
[White "Abdumalik, Zhansaya"]
[Black "Merario Alarcon, Andres"]
[Result "1/2-1/2"]
[WhiteElo "2491"]
[BlackElo "2405"]
[Annotator "TA"]
[PlyCount "69"]
[EventDate "2022.01.01"]
[EventType "schev"]
[EventCountry "GGB"]
[SourceTitle "playchess.com"]
[Source "ChessBase"]
[SourceQuality "1"]

{[%evp 12,69,17,12,27,10,19,18,3,13,16,21,13,20,28,18,8,7,22,10,14,0,0,0,8,0,37,33,42,0,0,0,0,0,0,0,0,0,0,-34,-19,-62,-55,-47,-26,-19,-12,-11,-11,-12,-16,-10,-16,-11,0,0,-1,-4,0,0]} 1. e4 e5 2. Nf3 Nc6 3. Bc4 Nf6 4. d3 Bc5 5. c3 d6 6. O-O h6 7. Re1 O-O {C54: Giuoco Piano: 4 c3 Nf6, main lines with 5 d4 and 5 d3.} 8. Nbd2 {[%cal Bb1d2,Bd2f1,Bf1g3,Bg3e2,Be2c3][%mdl 32]} a5 9. Nf1 a4 10. h3 Bd7 11. Bb5 Ne7 12. Bxd7 Qxd7 13. d4 Bb6 14. Ng3 Qb5 15. Qc2 exd4 16. cxd4 {[#]} Nh5 $146 ({Predecessor:} 16... Nc6 17. Be3 Nb4 18. Qe2 Qxe2 19. Rxe2 d5 20. e5 Ne4 21. Nxe4 dxe4 22. Nd2 Nc2 {½-½ (32) Kurmann,O (2459)-Studer,N (2462) Bad Ragaz 2017}) 17. Ne2 Nc6 18. Be3 Nf6 19. Nc3 Qc4 {[%cal Rc6d4]} 20. b3 (20. Qd2 $14 {should be considered.}) 20... axb3 $11 21. axb3 Nb4 22. Qb2 Qd3 23. Rac1 Qa6 {Threatens to win with ...Nd3.} ({Much less strong is} 23... Nxe4 24. Red1 Qa6 25. Nxe4 $16) 24. Ra1 Qd3 25. Rad1 Qc2 26. Bc1 (26. Qxc2 $11 Nxc2 27. Re2 Nxe3 28. Rxe3) 26... Qxb2 $15 27. Bxb2 {[%cal Bc1b2,Bb2c3,Bc3e1,Be1d2][%mdl 32]} Rfe8 28. e5 Nfd5 {The position is equal.} 29. exd6 Nxc3 30. Bxc3 Nd5 31. Rxe8+ Rxe8 32. Re1 Rxe1+ 33. Bxe1 cxd6 34. Bd2 Kf8 35. Kf1 {Weighted Error Value: White=0.07 (flawless) /Black=0.04 (flawless)} 1/2-1/2

[Event "GibChess Battle of the Sexes 2022"]
[Site "Caleta"]
[Date "2022.01.24"]
[Round "1.3"]
[White "Stefanova, Antoaneta"]
[Black "Cheng, Bobby"]
[Result "1/2-1/2"]
[WhiteElo "2469"]
[BlackElo "2550"]
[Annotator "TA"]
[PlyCount "63"]
[EventDate "2022.01.01"]
[EventType "schev"]
[EventCountry "GGB"]
[SourceTitle "playchess.com"]
[Source "ChessBase"]
[SourceQuality "1"]

{[%evp 14,63,-1,-1,-6,-6,15,16,6,8,10,19,18,16,17,4,37,26,53,33,41,54,45,11,38,47,45,13,41,41,49,14,20,7,32,56,47,39,38,47,41,38,40,39,43,29,40,49,29,23,54,0]} 1. Nf3 d5 2. g3 Nf6 3. Bg2 e6 4. d4 Be7 5. c4 O-O 6. b3 dxc4 7. bxc4 c5 8. O-O cxd4 {A14: English Opening: 1...e6 with b3 by White.} 9. Nxd4 a6 (9... Qb6 $5 {[%cal Rf8d8]} 10. Be3 Rd8 $11) 10. Nc3 Qc7 {The position is equal.} 11. Qb3 Nbd7 12. Na4 Nc5 13. Nxc5 Bxc5 14. Qc3 {[#]} e5 $146 ({Predecessor:} 14... Bd7 15. Bb2 Rfc8 16. Rac1 Bf8 17. Qb3 Rab8 18. Nf3 Ne4 19. Qc2 Nc5 20. Ng5 f5 {0-1 (35) Langeweg,K (2450)-Miles,A (2510) Amsterdam 1976}) 15. Nb3 Ba7 16. Ba3 Rd8 17. c5 Bg4 18. Qa5 Rac8 (18... Qd7 {keeps more tension.} 19. Bb2 Bh3 20. Bxe5 Bxg2 21. Rad1 Nd5) 19. Qxc7 Rxc7 20. Rfd1 Re8 21. Rd2 Be6 22. Rad1 {[%cal Ba1d1,Bd1d8,Bd8a8][%mdl 32]} h5 23. Rd8 Rxd8 (23... Bxb3 $5 24. axb3 Bxc5 25. Bxc5 Rxc5 $11) 24. Rxd8+ Kh7 25. Ra8 Bxb3 26. axb3 Bxc5 27. Bxc5 Rxc5 28. Bxb7 $14 {KRB-KRN} a5 $1 29. Ra7 Kg6 30. Ba6 Nd5 31. Bc4 {next Rd7 is good for White.} f5 32. Bxd5 {Weighted Error Value: White=0.07 (flawless) /Black=0.10 (very precise)} (32. Ra6+ $14 Kh7 33. Rd6) 1/2-1/2

[Event "GibChess Battle of the Sexes 2022"]
[Site "Caleta"]
[Date "2022.01.24"]
[Round "1.4"]
[White "Muzychuk, Mariya"]
[Black "Haria, Ravi"]
[Result "1/2-1/2"]
[WhiteElo "2539"]
[BlackElo "2490"]
[Annotator "TA"]
[PlyCount "82"]
[EventDate "2022.01.01"]
[EventType "schev"]
[EventCountry "GGB"]
[SourceTitle "playchess.com"]
[Source "ChessBase"]
[SourceQuality "1"]

{[%evp 12,82,23,24,32,31,31,37,29,29,44,15,12,20,6,16,0,1,10,0,0,0,0,0,0,0,0,0,8,0,0,0,0,0,0,0,0,0,0,0,0,0,0,-6,0,0,0,0,0,0,0,0,0,0,0,0,4,0,13,6,5,0,0,0,0,0,0,0,0,0,0,0,0]} 1. e4 e6 2. d4 d5 3. Nc3 Nf6 4. Bg5 dxe4 5. Nxe4 Be7 6. Bxf6 gxf6 7. Qd2 c5 {C13: French: Classical System: 4 Bg5 Be7, Alekhine-Chatard Attack.} 8. Nxc5 Bxc5 9. dxc5 Qxd2+ {White is slightly better.} 10. Kxd2 a5 {[#]} 11. Re1 $146 ({Predecessor:} 11. Nf3 Ke7 12. Nd4 Rd8 13. Ke3 e5 14. Nb5 Na6 15. Bc4 Be6 16. Bxe6 fxe6 17. Rhd1 Nxc5 {0-1 (64) Hong,A (2449)-Oparin,G (2652) Chess.com INT 2020}) 11... Nd7 {The position is equal.} 12. Bb5 Ke7 13. c6 Ne5 14. f4 Nxc6 15. Bxc6 bxc6 16. Nf3 c5 17. Re3 Bb7 18. Rc3 Rhg8 19. g3 a4 20. Ke3 Rgc8 21. Rd1 Bd5 22. b3 axb3 23. axb3 c4 24. bxc4 Rxc4 25. Rxc4 Bxc4 $11 {[%mdl 4096] Endgame KRB-KRN} 26. Nd4 Ra3+ 27. Kf2 Bd5 28. Nf5+ Ke8 29. Ne3 Bc6 30. Rb1 Ke7 31. Rb8 Ra1 32. g4 Rh1 33. Nf1 Bd5 34. Rc8 h6 35. Rc3 Kf8 36. Rh3 Kg7 37. Rh5 Bc4 38. Ne3 Rc1 39. Ra5 Bd5 40. Nxd5 {[#] aiming for Ne3.} Rxc2+ 41. Kg3 {Ne3 is the strong threat.} exd5 {Weighted Error Value: White=0.02 (flawless) /Black=0.02 (flawless)} 1/2-1/2

[Event "GibChess Battle of the Sexes 2022"]
[Site "Caleta"]
[Date "2022.01.24"]
[Round "1.5"]
[White "Sukandar, Irine Kharisma"]
[Black "Brunello, Sabino"]
[Result "1-0"]
[WhiteElo "2407"]
[BlackElo "2492"]
[Annotator "TA"]
[PlyCount "89"]
[EventDate "2022.01.01"]
[EventType "schev"]
[EventCountry "GGB"]
[SourceTitle "playchess.com"]
[Source "ChessBase"]
[SourceQuality "1"]

{[%evp 26,89,46,40,67,68,66,46,46,25,57,27,43,5,14,-13,-13,-77,-16,-25,29,31,130,123,189,197,183,189,180,185,213,190,219,120,118,81,85,66,154,69,143,72,59,68,98,107,91,95,103,114,108,108,100,97,101,103,103,93,99,110,187,180,186,193,450,443]} 1. e4 e5 2. Nf3 Nc6 3. Bb5 a6 4. Ba4 Nf6 5. O-O Be7 6. Re1 b5 7. Bb3 d6 8. c3 O-O 9. h3 h6 10. d4 Bd7 11. Nbd2 Re8 12. Nf1 Bf8 13. Ng3 Na5 14. Bc2 g6 {C93: Closed Ruy Lopez: Smyslov Variation.} 15. b3 c5 16. Bb2 Bg7 {White is slightly better.} 17. Qd2 Nc6 18. Rad1 {[#]} (18. d5 $5 {[%cal Rd5c6]} Ne7 19. c4 $14) 18... Qb6 $146 ({Predecessor:} 18... Qc7 19. Bb1 Rad8 20. Qc1 Rc8 21. Qd2 Rcd8 22. Qc1 Rc8 23. dxc5 dxc5 24. Nf1 Be6 25. Ne3 Rcd8 {½-½ (25) Kupka,S-Kozma,J Luhacovice 1968}) 19. dxc5 dxc5 20. Qe3 Be6 21. b4 (21. Re2 $11) 21... Bf8 (21... Bxa2 $17 22. Rd6 Qb7 23. Qxc5 Rec8) 22. Bb3 $11 Qa7 (22... Nb8 $142) 23. Bd5 Bxd5 ({Better is} 23... Bd7 $14) 24. exd5 $16 Ne7 (24... Nb8 $16) 25. d6 $18 (25. Qxe5 $2 Nexd5 26. Rxd5 Rxe5 27. Rdxe5 cxb4 28. cxb4 Bxb4 $19) (25. Qxc5 Qxc5 26. bxc5 Nexd5 $11) (25. c4 bxc4 26. d6 Ned5 27. Qxc5 c3 $15) 25... Nc6 26. Ne4 ({But not} 26. Qxc5 Qxc5 27. bxc5 Nd7 $16) (26. bxc5 Na5) 26... Nd7 27. Nxc5 ({Much less strong is} 27. bxc5 $6 Na5 $14) 27... Rad8 28. Nd2 f5 {[#]} 29. Ndb3 (29. c4 $1 $18 {[%cal Rc4b5]}) 29... Nb6 $16 30. Qf3 {White is much more active.} e4 31. Qg3 {[%cal Od6d7] Black must now prevent d7!} Qf7 {To avoid d7} ({Black should try} 31... Kh7 $1 $14) 32. Bc1 ({White should play} 32. d7 $1 $16 {[%cal Rd7e8]} Re5 33. Bc1) 32... g5 {[#]} (32... Kh7 $14) 33. d7 (33. h4 $142 $1 {[%cal Rh4g5]}) 33... Nxd7 34. Nb7 f4 {[#]} 35. Nxd8 $1 Rxd8 {[#]} 36. Bxf4 Qxf4 37. Qxf4 gxf4 38. Rxe4 Nf6 {[%csl LRd1,LRe4]} 39. Rxd8 Nxe4 40. Ra8 Nxc3 41. a3 {[%cal Ba2a3,Ba3a4][%mdl 32]} ({Much weaker is} 41. Rxa6 Nxb4 42. Ra8 Kf7 $15) 41... Kf7 42. Rxa6 Ne5 (42... Ne7 $16 {was worth a try.}) 43. Nd4 $18 Nc4 44. Rc6 Bd6 $2 (44... f3) 45. a4 {Weighted Error Value: White=0.18 (very precise) /Black=0.38} 1-0

[Event "GibChess Battle of the Sexes 2022"]
[Site "Caleta"]
[Date "2022.01.24"]
[Round "1.6"]
[White "Cramling, Pia"]
[Black "Bellahcene, Bilel"]
[Result "1-0"]
[WhiteElo "2452"]
[BlackElo "2512"]
[Annotator "TA"]
[PlyCount "105"]
[EventDate "2022.01.01"]
[EventType "schev"]
[EventCountry "GGB"]
[SourceTitle "playchess.com"]
[Source "ChessBase"]
[SourceQuality "1"]

{[%evp 9,105,0,6,0,17,18,6,0,9,0,0,0,0,0,0,0,4,0,25,9,11,8,5,0,3,0,6,0,0,0,47,46,45,43,65,59,81,39,85,69,79,68,77,65,73,72,87,81,70,89,71,74,76,65,63,67,60,62,66,64,58,60,67,60,77,70,147,89,106,103,111,86,103,91,89,91,81,81,94,85,89,66,81,85,116,95,98,104,227,223,188,179,233,222,371,361,311,297]} 1. Nf3 Nf6 2. c4 e6 3. Nc3 Bb4 4. Qb3 c5 5. a3 Ba5 6. e3 {A17: English Opening: 1...Nf6 with ...Bb4.} O-O 7. Be2 d5 8. O-O {The position is equal.} Nc6 {[%cal Bb8c6,Bc6e7,Be7d5][%mdl 32]} 9. d4 cxd4 10. exd4 dxc4 11. Qxc4 h6 12. Rd1 {[#]} Ne7 $146 ({Predecessor:} 12... Bd7 13. Ne5 Rc8 14. Qd3 Ne7 15. Qh3 Nf5 16. g4 Nd6 17. g5 hxg5 18. Bxg5 Bxc3 {1-0 (29) Iturrizaga Bonelli,E (2597)-Zarnicki,P (2514) Moscow 2019}) 13. Ne5 Ned5 (13... Bd7 $5) 14. Bf3 Bd7 15. Bd2 {[%cal Rc3d5]} Rc8 16. Qb3 {[%cal Rc3d5]} Bb6 17. Nxd5 exd5 18. Bb4 Re8 19. Bxd5 Be6 (19... Nxd5 $11 {was preferrable.} 20. Qxd5 Be6 21. Qxb7 Bd5) 20. Bxe6 $14 Rxe6 21. Nf3 Rc7 22. h3 Rd7 {[%cal Rb6d4]} 23. Rac1 (23. Re1 $16) 23... Bc7 (23... Bxd4 $14 24. Rxd4 Rxd4) 24. Rc2 Nd5 25. Bd2 Rb6 26. Qd3 Re6 27. Rdc1 Qe8 28. Rc5 {[%cal Oc5d5]} Bb6 29. Rc8 Rd8 30. Qc4 Red6 31. Rxd8 Rxd8 32. Re1 Qd7 33. Ne5 Qc7 34. Rc1 Qd6 35. a4 a6 36. Nf3 Ba7 37. Qb3 Qd7 (37... Qb6 $14 38. Qc2 Qf6) 38. Ba5 (38. Ne5 $142 Qf5 39. Qxb7 Bxd4 40. Nf3) 38... Re8 39. Ne5 Qe6 40. Re1 {White is more active.} ({Much less strong is} 40. Qxb7 Bxd4 41. Nd3 Qf5 42. Qxa6 Nf4 43. Nxf4 Qxf4 $14) 40... Re7 (40... Bxd4 $2 41. Nf3 Qd7 42. Rxe8+ Qxe8 43. Nxd4 $18) 41. Nf3 Qc6 42. Rxe7 Nxe7 43. Bc3 $36 {[%mdl 2048] White is in control.} Bb8 44. Ne5 Bxe5 45. dxe5 Nd5 {[%cal Be7d5,Bd5b6,Bb6c4][%mdl 32] Hoping for ...Nf4.} 46. Bd2 {Prevents Nf4.} Nb6 {[#]} 47. a5 $1 Nc4 48. Bc3 Qc7 {Black cannot hold the game after this.} (48... Qd5 $16 {was necessary.} 49. Qa4 Kh7) 49. Qa4 $18 Qc8 50. Qd1 b6 (50... Qc7 $142 51. Qd5 Na3) 51. Qd4 {[%cal Oe5e6] [#] Threatens to win with e6!} Qe6 (51... Qc7 $142 52. e6 fxe6) 52. Qd8+ Kh7 53. Qd3+ {Weighted Error Value: White=0.04 (flawless) /Black=0.16 (very precise)} 1-0

[Event "GibChess Battle of the Sexes 2022"]
[Site "Caleta"]
[Date "2022.01.24"]
[Round "1.7"]
[White "Sebag, Marie"]
[Black "Krysa, Leandro"]
[Result "1/2-1/2"]
[WhiteElo "2460"]
[BlackElo "2516"]
[Annotator "TA"]
[PlyCount "40"]
[EventDate "2022.01.01"]
[EventType "schev"]
[EventCountry "GGB"]
[SourceTitle "playchess.com"]
[Source "ChessBase"]
[SourceQuality "1"]

{[%evp 13,40,35,39,16,25,8,25,0,0,0,0,0,-4,0,0,0,0,0,-8,-8,-16,-10,-18,-27,-10,-2,0,0,-7]} 1. e4 c6 2. d4 d5 3. e5 Bf5 4. Nf3 e6 5. Be2 Ne7 6. O-O c5 {6...h6 is setting a new trend.} 7. c4 Nbc6 8. dxc5 {B12: Caro-Kann: Advance Variation.} dxc4 9. Na3 Nd5 10. Nxc4 {Nd6+ is the strong threat. White has an edge.} (10. Bg5 $5 {[%cal Rg5d8]} f6 11. exf6 gxf6 12. Bd2 $11) 10... Bxc5 11. Bg5 Qc7 12. a3 {[#]} O-O $146 ({Predecessor:} 12... a5 13. Rc1 O-O 14. Nh4 Bg6 15. Nxg6 hxg6 16. Bf3 Bd4 17. Re1 Qb8 18. a4 Qa7 {0-1 (38) Nokso Koivisto,A (2240)-Maki Uuro,M (2265) Salokangas 1996}) 13. Qd2 a5 14. Rac1 Be4 15. Rfe1 a4 16. Bd1 Bg6 17. Be2 Rfc8 18. h3 Bh5 19. g4 Bg6 20. Bf1 h6 {A balanced but interesting game.  Weighted Error Value: White=0.05 (flawless) /Black=0.01 (flawless)} 1/2-1/2

[Event "GibChess Battle of the Sexes 2022"]
[Site "Caleta"]
[Date "2022.01.24"]
[Round "1.8"]
[White "Girya, Olga"]
[Black "Gallagher, Joseph G."]
[Result "1-0"]
[WhiteElo "2416"]
[BlackElo "2447"]
[Annotator "TA"]
[PlyCount "57"]
[EventDate "2022.01.01"]
[EventType "schev"]
[EventCountry "GGB"]
[SourceTitle "playchess.com"]
[Source "ChessBase"]
[SourceQuality "1"]

{[%evp 13,57,19,31,26,51,56,58,70,71,54,89,99,102,110,102,112,130,135,164,153,148,149,169,175,177,149,399,398,400,404,411,408,406,401,368,399,396,357,372,366,714,607,697,704,604,572]} 1. d4 Nf6 2. c4 g6 3. Nc3 Bg7 4. e4 d6 5. Nf3 O-O 6. Be3 e5 7. dxe5 dxe5 8. Qc2 {E90: King's Indian: Classical: Early deviations and 6 h3.} ({Reject} 8. Nxe5 Nxe4 9. Nxe4 Bxe5 10. Qxd8 Rxd8 $15) 8... Qe7 9. Nd5 Nxd5 10. cxd5 {White is slightly better.} Rd8 {[#]} 11. Bc4 $146 ({Predecessor:} 11. Bg5 f6 12. Be3 c6 13. Bc4 Kh8 14. O-O cxd5 15. Bxd5 {1-0 (57) Fadavian,M (2018)-Block,W (2089) Germany 2011}) 11... Bg4 {[#]} 12. Ng5 $1 Rd6 13. h3 Bd7 14. O-O h6 15. Nf3 Rf6 {[%cal Od7h3]} 16. Be2 c6 17. Rfd1 {White is more active.} cxd5 18. exd5 {Qc7 is the strong threat.} ({Resist} 18. Rxd5 Nc6 $16) 18... Na6 {Inhibits Qc7.} 19. Qb3 {[%cal Od5d6] And now d6! would win.} Be8 $2 (19... e4 $16 {was called for.}) 20. d6 $18 Rxd6 21. Rxd6 Qxd6 22. Qxb7 Rb8 23. Qxa6 Qxa6 24. Bxa6 Rxb2 25. Bxa7 e4 {[#]} 26. Bd4 $1 exf3 $2 (26... Rb4 27. Bxg7 Kxg7) (26... Bxd4 27. Nxd4) 27. Bxb2 {White is clearly winning.} Bxb2 28. Rb1 Be5 29. Bb5 {Black did not feel at home in the position after the opening.  Weighted Error Value: White=0.04 (flawless) /Black=0.26 (precise)} 1-0

[Event "GibChess Battle of the Sexes 2022"]
[Site "Caleta"]
[Date "2022.01.24"]
[Round "1.9"]
[White "Houska, Jovanka"]
[Black "Csonka, Balazs"]
[Result "0-1"]
[WhiteElo "2365"]
[BlackElo "2480"]
[Annotator "TA"]
[PlyCount "72"]
[EventDate "2022.01.01"]
[EventType "schev"]
[EventCountry "GGB"]
[SourceTitle "playchess.com"]
[Source "ChessBase"]
[SourceQuality "1"]

{[%evp 17,72,23,15,10,13,6,17,0,0,0,0,0,0,-31,-37,-85,-86,-86,-74,-172,-155,-160,-154,-161,-127,-125,-104,-133,-142,-142,-143,-142,-135,-163,-140,-168,-150,-299,-305,-302,-302,-300,-282,-5097,-5097,-2171,-1996,-2155,-2045,-6311,-6109,-29974,-29975,-29982,-29979,-29984,-29985]} 1. d4 Nf6 2. Nf3 d5 3. c4 e6 4. Nc3 dxc4 5. e4 {[%cal Be2e4,Be4e5][%mdl 32]} Bb4 6. Bg5 h6 7. Bxf6 Qxf6 8. Bxc4 c5 9. O-O O-O 10. e5 {D39: Queen's Gambit Declined: Ragozin Defence with 5 Bg5 dxc4.} Qd8 11. Ne4 cxd4 12. Qxd4 {The position is equal.} Qxd4 ({Don't play} 12... Nc6 13. Qe3 $14) 13. Nxd4 Nd7 {[%cal Bb8d7,Bd7c5,Bc5a4,Ba4b2,Bb2c4][%mdl 32]} 14. f4 Nc5 {[#]} 15. Nd6 $146 {Pair of Knights!} ({Predecessor:} 15. Nc2 Nxe4 16. Nxb4 Nd2 17. Rfc1 Nxc4 18. Rxc4 Rd8 19. g3 Rd2 20. Rac1 Bd7 21. R4c2 Rd4 22. Rc4 Rd2 23. R4c2 {½-½ (23) Paul,J (2185)-Biedermann,T (2455) ICCF email 2017}) 15... Na4 $1 16. Bb3 (16. b3 $15 Nb2 17. Ne4) 16... Nxb2 $17 ({But not} 16... Bc5 $6 17. Bxa4 Bxd4+ 18. Kh1 $11) 17. Rac1 {Inhibits Bc5.} Bd2 18. Rxc8 (18. Rc2 $17 {might work better.} Be3+ 19. Kh1 Bxd4 20. Rd2) 18... Rfxc8 $19 ({Much weaker is} 18... Raxc8 $6 {[#]} 19. Nxe6 $1 Be3+ 20. Kh1 $11) 19. Nxc8 Rxc8 20. Rf3 {Prevents Be3+.} Nc4 {[#] And now ...Be3+ would win.} 21. Kf2 {To avoid Be3+} Ba5 22. Ke2 Nd2 23. Rd3 Nxb3 24. axb3 $17 {[%mdl 4096] Endgame KRB-KRN} a6 25. g4 Kf8 26. h3 Ke7 27. Rf3 (27. h4 $17) 27... Bb6 $19 28. Rd3 Bxd4 29. Rxd4 {KR-KR} Rc2+ 30. Rd2 $2 (30. Kf1) 30... Rxd2+ 31. Kxd2 {KP-KP} Kd7 {...g5 is the strong threat.} 32. Kc3 Kc6 {Threatens to win with ...g5.} 33. Kc4 g5 34. Kd4 Kb5 {Black mates.} 35. f5 Kb4 36. f6 b6 {Weighted Error Value: White=0.91/Black=0.13 (very precise)} 0-1

[Event "GibChess Battle of the Sexes 2022"]
[Site "Caleta"]
[Date "2022.01.24"]
[Round "1.10"]
[White "Efroimski, Marsel"]
[Black "Rosen, Eric"]
[Result "1-0"]
[WhiteElo "2429"]
[BlackElo "2356"]
[Annotator "TA"]
[PlyCount "76"]
[EventDate "2022.01.01"]
[EventType "schev"]
[EventCountry "GGB"]
[SourceTitle "playchess.com"]
[Source "ChessBase"]
[SourceQuality "1"]

{[%evp 16,76,31,11,12,3,-1,-2,0,-2,-7,0,-2,-14,0,-16,0,8,15,11,0,0,33,0,0,0,0,0,0,-31,-18,-23,-11,-16,0,0,0,0,104,110,117,125,136,137,279,267,257,232,480,468,462,454,502,472,667,648,657,649,714,747,688,538,630]} 1. e4 c5 2. Nf3 d6 3. Bb5+ Bd7 4. Bxd7+ Qxd7 5. c4 Nf6 6. Nc3 g6 7. d4 cxd4 8. Nxd4 Bg7 9. O-O O-O {B52: Sicilian: Moscow Variation with 3...Bd7.} 10. h3 Rc8 {10...Nc6 might become the main line.} 11. b3 b5 {The position is equal.} 12. e5 dxe5 13. Ndxb5 a6 14. Na3 Nc6 {[#]} 15. Be3 $146 {[%cal Bc1e3,Be3b6,Bb6a5,Ba5c3][%mdl 32]} ({Predecessor:} 15. Qxd7 Nxd7 16. Be3 e4 17. Rad1 Bxc3 18. Rxd7 f5 19. c5 Rd8 20. Rc7 Rac8 21. Rb7 {½-½ (44) Verenzuela,J (2135)-Susla,V (2266) LSS email 2016}) 15... Qf5 16. Qc2 Nb4 17. Qxf5 gxf5 18. Na4 {Threatens to win with Nb6.} Rc7 19. Bb6 (19. Bd2 $5 {[%cal Rd2b4]} Nd3 20. Nc2 $11) 19... Rb7 20. Ba5 Nc6 21. Bc3 Ne4 22. Bb2 Rd8 23. f3 Ng3 24. Nc5 {[%cal Ba4c5,Bc5a6,Ba6b4][%mdl 32]} Rc7 {And now ...Nb4 would win.} 25. Rfd1 Nd4 26. Nxa6 Ra7 (26... Rcc8 $1 $11) 27. Nb4 $1 $16 Rad7 {[#]} 28. Kf2 {[%cal Bg1f2,Bf2e1,Be1d1][%mdl 32]} f4 29. Bxd4 Rxd4 {A mistake that costs the game.} (29... exd4 $16 30. Nd3 Nf5) 30. Rxd4 Rxd4 {[#]} 31. Ke1 {Prevents Rd2. Rd1 is the strong threat.} e4 $2 (31... Rd8) 32. Rd1 $18 {White is clearly winning.} Rxd1+ 33. Kxd1 {[%mdl 4096] Endgame KBN-KNN} f5 34. Nd5 Be5 (34... e6 $142 35. Nxf4 Kf7) 35. Nxe7+ Kf7 36. Nd5 Ke6 37. Nb5 Kd7 38. Nbc3 e3 {Weighted Error Value: White=0.10 (very precise) /Black=0.31} 1-0

[Event "GibChess Battle of the Sexes 2022"]
[Site "Caleta"]
[Date "2022.01.25"]
[Round "2.1"]
[White "Cheng, Bobby"]
[Black "Girya, Olga"]
[Result "1/2-1/2"]
[WhiteElo "2550"]
[BlackElo "2416"]
[Annotator "TA"]
[PlyCount "63"]
[EventDate "2022.01.01"]
[EventType "schev"]
[EventCountry "GGB"]
[SourceTitle "playchess.com"]
[Source "ChessBase"]
[SourceQuality "1"]

{[%evp 13,63,-9,0,0,0,17,7,17,8,23,22,18,27,0,0,0,0,0,0,0,0,0,0,0,0,0,0,0,0,-31,0,0,0,0,0,0,0,0,0,0,0,0,0,0,0,0,0,0,6,6,6,6]} 1. d4 Nf6 2. c4 e6 3. g3 d5 4. Bg2 Be7 5. Nf3 O-O 6. Nc3 dxc4 7. Ne5 Nc6 8. Bxc6 {E06: Closed Catalan: Early deviations.} bxc6 9. Nxc6 {Pair of Knights!} Qe8 10. Nxe7+ Qxe7 11. Qa4 Nd5 12. Qxc4 a5 {[#]} 13. Qc5 $146 (13. O-O {is interesting.} Ba6 14. Nxd5 exd5 15. Qc3 Qxe2 16. Re1) ({Predecessor:} 13. Be3 Rb8 14. Nxd5 exd5 15. Qc3 Bh3 16. Rc1 a4 17. Qa3 Qxa3 18. bxa3 Rb2 19. f3 {½-½ (62) Cheparinov,I (2664)-Giri,A (2772) Warsaw 2021}) 13... Qxc5 14. dxc5 Nxc3 15. bxc3 Ba6 16. f3 Rab8 17. Kf2 Rfd8 {Prevents Rd1.} 18. Re1 f6 19. g4 a4 20. h4 Bc4 21. h5 e5 {[%mdl 1024] Black has compensation.} 22. Ke3 {The position is equal.} Rd5 23. Ba3 Rbd8 24. Reb1 Rd2 {[%csl Gc4][%cal Rd2e2] [#]} 25. Rb2 Rxb2 26. Bxb2 $11 {[%mdl 4096] Endgame KRB-KRB} Kf7 27. Ba3 Ke6 28. Rb1 Bxa2 29. Rb7 Kd7 30. Ra7 {Prevents Ra8.} Bd5 31. Rxa4 Ra8 32. Rxa8 {An interesting draw.  Weighted Error Value: White=0.03 (flawless) /Black=0.02 (flawless)} 1/2-1/2